000
00233nam a2200097Ia 4500
005
20251222114411.0
008
251222s1900||||xx |||||||||||||| ||spa||
082
_a
DVD191.3/U61/2001/T.6
245
0
_a
Seminario de EconomÃa:
942
_c
DVD
999
_c
2030
_d
2030